=LDR 00000nam 2200000 4500 =001 INLIS000000000022640 =990 ##$$a 0001/BPAP-NTB/2016 =990 ##$$a 0001/BPAP-NTB/2016 =005 20130612121358 =990 ##$$a 2.843/Pro.84 =990 ##$$a 2.843/Pro.84 =008 ***********************************ind** =990 ##$$a 00052025 =990 ##$$a 00052025 =035 ##$$0010-061300000022640 =041 ##$$a ind =082 ##$$a 351.1 =090 ##$$a 351.1, PRA p =100 ##$$a Prawotosoediro, Pratisto =245 ##$$a Pegawai negeri sipil, Pratisto Prawotosoediro =260 ##$$a Pradnya Paramita; 1983 $b Jakarta =300 ##$$a 175 hlm., 21 cm =650 ##$$a Pegawai Negeri Sipil =850 ##$$a NBPNMAT =990 ##$$a 0001/BPAP-NTB/2016